000
00167nam a2200073Ia 4500
008
170817s9999 xx 000 0 und d
100
_a
MEHTA
245
0
_a
WORLD HISTORY
260
_b
STERLING PUB. N. D.
999
_c
36188
_d
36188